La pâtisserie - E - Statistiques

Statistiques générales
  • Ce quiz a été pris 56 fois
    8 depuis la dernière actualisation
  • Le résultat moyen est 8 sur 12
Statistiques - réponses
Par images Réponse % Correct
Éclairs
100%
Enfourner
100%
Entonnoir
100%
Emporte-pièces
88%
Écumoire
75%
Émietter
75%
{Éclats} de pistache
63%
Étaler
63%
Économe
50%
Entremet
50%
Éplucher
38%
Escargot
13%
Aucun quiz correspondant
Distribution des résultats
% des personnes avec chaque résultat
Percentile par nombre de réponses
Votre historique - résultats
Vous n’avez pas pris ce quiz depuis la dernière actualisation